| 000 | 00393nam a22001577a 4500 | ||
|---|---|---|---|
| 003 | OSt | ||
| 005 | 20231121112912.0 | ||
| 008 | 201005b xxu||||| |||| 00| 0 eng d | ||
| 020 | _a9789388821726 | ||
| 040 | _cIIMT UNIVERSITY MEERUT | ||
| 100 | _aSIROHI, DEEPANSHI | ||
| 245 | _aINTELLECTUAL PROPERTY RIGHTS | ||
| 260 |
_aMEERUT _bRAMA PUBLICATION _c2020 |
||
| 300 | _a160 | ||
| 942 |
_2ddc _c02 |
||
| 999 |
_c50181 _d50181 |
||